| 000 | 00726nas a2200253 454500 | ||
|---|---|---|---|
| 001 | 41622 | ||
| 005 | 20260407193511.0 | ||
| 008 | 260407s2001####ag###########|||spa#d | ||
| 003 | AR-UNSa-BCEJYS | ||
| 040 |
_aAR-UNSa-BCEJYS _bspa _cAR-UNSa-BCEJYS |
||
| 080 |
_a34 _xDerecho |
||
| 245 | 1 | 0 | _aJurisprudencia Argentina |
| 264 | 1 |
_aBuenos Aires : _bLexis Nexis _c2001 |
|
| 310 | _aFrecuencia: Semanal | ||
| 041 | _aspa | ||
| 942 | _cSER | ||
| 590 | _aniveau_biblio:s niveau_hierar:1 | ||
| 100 | 1 | _aTuzio, Alejandro P.F. | |
| 650 | _aDerecho | ||
| 650 | _aLegislación | ||
| 650 | _aJURISPRUDENCIA | ||
| 650 | _aDOCTRINA | ||
| 856 | 4 | 1 |
_uhttps://biblioeco.unsa.edu.ar/pmb/images/revistas/R20732.jpg _yImagen de portada _qimage/jpeg |
| 999 |
_c8887 _d8887 |
||